League of Legends Worlds Champion - Statistiken

Allgemein
  • Dieses Quiz wurde 182 mal gespielt
  • Das Durchschnittsergebnis liegt bei 8 aus 13
Antwortstatistiken
Hint Antwort % Korrekt
2011 Fnatic
91%
2023 T1
88%
2013 SK Telecom T1
81%
2015 SK Telecom T1
77%
2016 SK Telecom T1
76%
2022 DRX
68%
2019 FunPlusPhoenix
61%
2018 Invictus Gaming
59%
2012 Taipei Assassins
55%
2020 DAMWON Gaming
53%
2017 Samsung Galaxy
53%
2021 Edward Gaming
50%
2014 Samsung Galaxy White
23%
Keine übereinstimmenden Quizze gefunden
Verteilung der Resultate
Anzahl Personen mit jedem Resultat
Perzentil nach korrekt beantworteten Fragen
Ihre Resultats-Entwicklung
Sie haben dieses Quiz noch nicht gespielt